[Event "Russian Blitz Team Championship (m)"]
[Site "Sochi"]
[Date "2022.10.17"]
[Round "6.6"]
[White "Dreev, Aleksey"]
[Black "Sjugirov, Sanan"]
[Result "0-1"]
[BlackElo "2609"]
[WhiteElo "2625"]
[LiveChessVersion "1.4.8"]

1. d4 {[%clk 0:03:03]} Nf6 {[%clk 0:03:02]} 2. c4 {[%clk 0:03:04]} e6
{[%clk 0:03:03]} 3. Nc3 {[%clk 0:03:06]} Bb4 {[%clk 0:03:03]} 4. Qc2
{[%clk 0:03:07]} d5 {[%clk 0:03:01]} 5. a3 {[%clk 0:03:07]} Bxc3+
{[%clk 0:02:55]} 6. Qxc3 {[%clk 0:03:08]} O-O {[%clk 0:02:48]} 7. Nf3
{[%clk 0:03:09]} h6 {[%clk 0:02:15]} 8. Bf4 {[%clk 0:03:00]} b6 {[%clk 0:02:13]}
9. e3 {[%clk 0:03:00]} Bb7 {[%clk 0:02:08]} 10. Be2 {[%clk 0:02:48]} Nbd7
{[%clk 0:02:06]} 11. O-O {[%clk 0:02:43]} Rc8 {[%clk 0:02:05]} 12. b4
{[%clk 0:02:42]} c5 {[%clk 0:01:52]} 13. dxc5 {[%clk 0:02:41]} bxc5
{[%clk 0:01:54]} 14. Rfd1 {[%clk 0:02:05]} dxc4 {[%clk 0:01:44]} 15. b5
{[%clk 0:01:03]} Nd5 {[%clk 0:01:23]} 16. Qxc4 {[%clk 0:01:04]} Qa5
{[%clk 0:01:24]} 17. Rdc1 {[%clk 0:00:21]} N7b6 {[%clk 0:01:14]} 18. Qc2
{[%clk 0:00:11]} Nxf4 {[%clk 0:01:10]} 19. exf4 {[%clk 0:00:12]} c4
{[%clk 0:01:10]} 20. Ne5 {[%clk 0:00:08]} Qxb5 {[%clk 0:01:04]} 21. a4
{[%clk 0:00:08]} Qa5 {[%clk 0:01:02]} 22. Nxc4 {[%clk 0:00:05]} Nxc4
{[%clk 0:00:59]} 23. Bxc4 {[%clk 0:00:07]} Rc7 {[%clk 0:00:39]} 24. f5
{[%clk 0:00:05]} Rfc8 {[%clk 0:00:37]} 25. fxe6 {[%clk 0:00:05]} Rxc4
{[%clk 0:00:31]} 26. exf7+ {[%clk 0:00:06]} Kf8 {[%clk 0:00:31]} 27. Qd1
{[%clk 0:00:06]} Rxc1 {[%clk 0:00:29]} 28. Rxc1 {[%clk 0:00:06]} Rxc1
{[%clk 0:00:30]} 29. Qxc1 {[%clk 0:00:08]} Qd5 {[%clk 0:00:18]} 30. f3
{[%clk 0:00:08]} Kxf7 {[%clk 0:00:17]} 31. Qc7+ {[%clk 0:00:07]} Kg6
{[%clk 0:00:17]} 32. a5 {[%clk 0:00:04]} Qc6 {[%clk 0:00:13]} 33. Qe5
{[%clk 0:00:03]} a6 34. h4 Kh7 {[%clk 0:00:11]} 35. Kh2 {[%clk 0:00:06]} Qf6
{[%clk 0:00:08]} 36. Qg3 {[%clk 0:00:06]} Bd5 {[%clk 0:00:04]} 37. Qe1
{[%clk 0:00:08]} Bf7 {[%clk 0:00:04]} 38. Qe4+ {[%clk 0:00:08]} Bg6
{[%clk 0:00:05]} 39. Qe1 {[%clk 0:00:08]} Qf4+ {[%clk 0:00:06]} 40. Kh1
{[%clk 0:00:09]} Qf5 {[%clk 0:00:06]} 41. Kh2 {[%clk 0:00:10]} Qd5
{[%clk 0:00:06]} 42. Qc3 {[%clk 0:00:10]} Qd6+ {[%clk 0:00:07]} 43. Kg1
{[%clk 0:00:11]} Qg3 {[%clk 0:00:06]} 44. Qc6 {[%clk 0:00:10]} Qe1+ 45. Kh2 Qxa5
{[%clk 0:00:06]} 46. g4 {[%clk 0:00:13]} Qb5 {[%clk 0:00:06]} 47. Qd6
{[%clk 0:00:14]} h5 {[%clk 0:00:07]} 48. Kg3 {[%clk 0:00:14]} a5 {[%clk 0:00:07]}
49. Qe7 {[%clk 0:00:11]} a4 {[%clk 0:00:07]} 50. Qd6 {[%clk 0:00:09]} Qa5
{[%clk 0:00:07]} 51. Qa3 {[%clk 0:00:09]} Qe5+ {[%clk 0:00:07]} 52. Kh3
{[%clk 0:00:10]} Qf4 {[%clk 0:00:06]} 53. gxh5 {[%clk 0:00:09]} Bxh5
{[%clk 0:00:07]} 54. Qd3+ {[%clk 0:00:09]} Bg6 {[%clk 0:00:08]} 55. Qa3
{[%clk 0:00:09]} Bf5+ 56. Kg2 Qxh4 {[%clk 0:00:08]} 0-1

[Event "Russian Blitz Team Championship (m)"]
[Site "Sochi"]
[Date "2022.10.17"]
[Round "6.7"]
[White "Timofeev, Artyom"]
[Black "Zvjaginsev, Vadim"]
[Result "1/2-1/2"]
[BlackElo "2601"]
[WhiteElo "2579"]
[LiveChessVersion "1.4.8"]

1. e4 {[%clk 0:03:02]} e5 {[%clk 0:03:03]} 2. Nf3 {[%clk 0:03:03]} Nc6
{[%clk 0:03:04]} 3. Bb5 {[%clk 0:03:03]} Nf6 {[%clk 0:03:05]} 4. d3
{[%clk 0:03:03]} Bc5 {[%clk 0:03:05]} 5. O-O {[%clk 0:03:00]} Nd4
{[%clk 0:03:05]} 6. Nxd4 {[%clk 0:02:59]} Bxd4 {[%clk 0:03:06]} 7. Nd2
{[%clk 0:02:52]} c6 {[%clk 0:02:58]} 8. Ba4 {[%clk 0:02:51]} d6 {[%clk 0:02:56]}
9. c3 {[%clk 0:02:48]} Bb6 {[%clk 0:02:54]} 10. Nc4 {[%clk 0:02:39]} Bc7
{[%clk 0:02:54]} 11. Ne3 {[%clk 0:02:39]} O-O {[%clk 0:02:49]} 12. Qf3
{[%clk 0:02:38]} d5 {[%clk 0:02:41]} 13. h3 {[%clk 0:02:32]} Be6 {[%clk 0:02:34]}
14. Nf5 {[%clk 0:02:11]} Nd7 {[%clk 0:02:25]} 15. Ng3 {[%clk 0:01:51]} Qf6
{[%clk 0:02:13]} 16. Qe2 {[%clk 0:01:50]} dxe4 {[%clk 0:02:07]} 17. dxe4
{[%clk 0:01:50]} b5 {[%clk 0:01:56]} 18. Bb3 {[%clk 0:01:47]} Bxb3
{[%clk 0:01:54]} 19. axb3 {[%clk 0:01:47]} Nc5 {[%clk 0:01:55]} 20. b4
{[%clk 0:01:30]} Nb3 {[%clk 0:01:55]} 21. Rb1 {[%clk 0:01:27]} Nxc1
{[%clk 0:01:56]} 22. Rbxc1 {[%clk 0:01:28]} Bb6 {[%clk 0:01:52]} 23. Rfd1
{[%clk 0:01:24]} Rfd8 {[%clk 0:01:46]} 24. Nf1 {[%clk 0:01:25]} g6
{[%clk 0:01:40]} 25. g3 {[%clk 0:01:24]} h5 {[%clk 0:01:18]} 26. h4
{[%clk 0:01:22]} Kg7 {[%clk 0:01:19]} 27. Kg2 {[%clk 0:01:23]} a5
{[%clk 0:01:15]} 28. bxa5 {[%clk 0:01:23]} Rxa5 {[%clk 0:01:13]} 29. Rxd8
{[%clk 0:01:17]} Qxd8 {[%clk 0:01:14]} 30. Nd2 {[%clk 0:01:16]} Ra7
{[%clk 0:01:05]} 31. Nf3 {[%clk 0:01:15]} f6 {[%clk 0:01:05]} 32. Rd1
{[%clk 0:01:16]} Rd7 {[%clk 0:01:06]} 33. Rxd7+ {[%clk 0:01:16]} Qxd7
{[%clk 0:01:07]} 34. Ne1 {[%clk 0:01:14]} Qe6 {[%clk 0:01:02]} 35. Qd3
{[%clk 0:01:07]} Kf7 {[%clk 0:01:02]} 36. Qc2 {[%clk 0:00:49]} Qc4
{[%clk 0:00:59]} 37. b3 {[%clk 0:00:48]} Qe6 {[%clk 0:00:58]} 38. Nd3
{[%clk 0:00:47]} Qd6 {[%clk 0:00:51]} 1/2-1/2

[Event "Russian Blitz Team Championship (m)"]
[Site "Sochi"]
[Date "2022.10.17"]
[Round "6.8"]
[White "Malakhov, Vladimir"]
[Black "Faizrakhmanov, Ramil"]
[Result "1-0"]
[BlackElo "2421"]
[WhiteElo "2654"]
[LiveChessVersion "1.4.8"]

1. e4 {[%clk 0:03:03]} c5 {[%clk 0:03:03]} 2. Nc3 {[%clk 0:03:03]} d6
{[%clk 0:03:04]} 3. d4 {[%clk 0:03:04]} cxd4 {[%clk 0:03:04]} 4. Qxd4
{[%clk 0:03:05]} Nc6 {[%clk 0:03:05]} 5. Qd2 {[%clk 0:03:06]} g6 {[%clk 0:03:04]}
6. b3 {[%clk 0:03:06]} Bh6 {[%clk 0:02:59]} 7. f4 {[%clk 0:03:07]} f5
{[%clk 0:02:57]} 8. Bb2 {[%clk 0:03:02]} Nf6 {[%clk 0:02:57]} 9. O-O-O
{[%clk 0:02:56]} Qa5 {[%clk 0:02:32]} 10. Kb1 {[%clk 0:02:48]} fxe4
{[%clk 0:02:23]} 11. Nge2 {[%clk 0:02:41]} O-O {[%clk 0:02:19]} 12. h3
{[%clk 0:02:41]} Bg7 {[%clk 0:02:10]} 13. g4 {[%clk 0:02:40]} Be6
{[%clk 0:01:57]} 14. f5 {[%clk 0:02:39]} gxf5 {[%clk 0:01:49]} 15. gxf5
{[%clk 0:02:40]} Bxf5 {[%clk 0:01:43]} 16. Rg1 {[%clk 0:02:37]} Bg6
{[%clk 0:01:43]} 17. Nf4 {[%clk 0:02:35]} Ne5 {[%clk 0:01:38]} 18. Nxg6
{[%clk 0:02:30]} Nxg6 {[%clk 0:01:37]} 19. Qg2 {[%clk 0:01:32]} Kh8
{[%clk 0:01:10]} 20. Nxe4 {[%clk 0:01:25]} Nxe4 {[%clk 0:00:58]} 21. Bxg7+
{[%clk 0:01:26]} Kxg7 {[%clk 0:00:59]} 22. Qxe4 {[%clk 0:01:27]} Qe5
{[%clk 0:00:45]} 23. Qxb7 {[%clk 0:01:27]} Rab8 {[%clk 0:00:36]} 24. Qg2
{[%clk 0:01:25]} Kh8 {[%clk 0:00:28]} 25. Qd2 {[%clk 0:01:19]} a5
{[%clk 0:00:25]} 26. Rxg6 {[%clk 0:01:09]} hxg6 {[%clk 0:00:19]} 27. Qh6+
{[%clk 0:01:11]} Kg8 {[%clk 0:00:21]} 28. Bc4+ {[%clk 0:01:11]} e6
{[%clk 0:00:15]} 29. Qxg6+ {[%clk 0:01:07]} Qg7 {[%clk 0:00:14]} 30. Qxe6+
{[%clk 0:00:53]} Kh8 {[%clk 0:00:14]} 31. Rd5 {[%clk 0:00:50]} Qh7
{[%clk 0:00:05]} 32. Qg4 {[%clk 0:00:43]} Rg8 {[%clk 0:00:05]} 33. Qd4+
{[%clk 0:00:36]} Rg7 {[%clk 0:00:06]} 34. Be2 {[%clk 0:00:36]} Kg8 35. Rh5
{[%clk 0:00:35]} Qg6 {[%clk 0:00:06]} 36. Bc4+ Kf8 37. Rh8+ {[%clk 0:00:35]} Ke7
{[%clk 0:00:07]} 38. Rxb8 {[%clk 0:00:36]} 1-0

[Event "Russian Blitz Team Championship (m)"]
[Site "Sochi"]
[Date "2022.10.17"]
[Round "7.1"]
[White "Chigaev, Maksim"]
[Black "Kezin, Roman"]
[Result "1-0"]
[BlackElo "2503"]
[WhiteElo "2537"]
[LiveChessVersion "1.4.8"]

1. Nf3 {[%clk 0:03:01]} d5 {[%clk 0:03:04]} 2. c4 {[%clk 0:03:03]} d4
{[%clk 0:03:05]} 3. b4 {[%clk 0:03:04]} g5 {[%clk 0:03:06]} 4. h3
{[%clk 0:03:05]} Bg7 {[%clk 0:03:02]} 5. d3 {[%clk 0:03:03]} h6 {[%clk 0:02:57]}
6. g3 {[%clk 0:03:01]} e5 {[%clk 0:02:56]} 7. Bg2 {[%clk 0:03:02]} Ne7
{[%clk 0:02:41]} 8. Nbd2 {[%clk 0:03:03]} Ng6 {[%clk 0:02:38]} 9. b5
{[%clk 0:02:48]} O-O {[%clk 0:02:37]} 10. a4 {[%clk 0:02:03]} f5 {[%clk 0:02:24]}
11. a5 {[%clk 0:01:37]} Re8 {[%clk 0:01:56]} 12. O-O {[%clk 0:01:11]} a6
{[%clk 0:01:42]} 13. Ne1 {[%clk 0:01:05]} Nd7 {[%clk 0:01:43]} 14. Nc2
{[%clk 0:00:51]} Nf6 {[%clk 0:01:40]} 15. Bb2 {[%clk 0:00:46]} h5
{[%clk 0:01:15]} 16. e3 {[%clk 0:00:38]} dxe3 {[%clk 0:01:12]} 17. Nxe3
{[%clk 0:00:39]} Qxd3 {[%clk 0:00:52]} 18. Nd5 {[%clk 0:00:34]} Rd8
{[%clk 0:00:25]} 19. Ra3 {[%clk 0:00:33]} Qxa3 {[%clk 0:00:06]} 20. Bxa3
{[%clk 0:00:34]} axb5 {[%clk 0:00:06]} 21. Be7 {[%clk 0:00:19]} Nxe7
{[%clk 0:00:04]} 22. Nxe7+ {[%clk 0:00:20]} Kf7 {[%clk 0:00:03]} 23. Nxc8
{[%clk 0:00:20]} Raxc8 {[%clk 0:00:04]} 24. Bxb7 {[%clk 0:00:19]} Rb8
{[%clk 0:00:04]} 25. a6 {[%clk 0:00:20]} bxc4 {[%clk 0:00:04]} 26. Qc2
{[%clk 0:00:22]} e4 {[%clk 0:00:03]} 27. Nxc4 {[%clk 0:00:19]} Nd7
{[%clk 0:00:05]} 28. Rd1 {[%clk 0:00:14]} Nc5 {[%clk 0:00:05]} 29. Rxd8
{[%clk 0:00:14]} Rxd8 {[%clk 0:00:06]} 30. Ne5+ {[%clk 0:00:15]} Bxe5
{[%clk 0:00:06]} 31. Qxc5 {[%clk 0:00:15]} Rd1+ {[%clk 0:00:04]} 32. Kg2 Bd4 33.
Qxf5+ {[%clk 0:00:17]} 1-0

[Event "Russian Blitz Team Championship (m)"]
[Site "Sochi"]
[Date "2022.10.17"]
[Round "7.2"]
[White "Obgolts, Erik"]
[Black "Tomashevsky, Evgeny"]
[Result "1/2-1/2"]
[BlackElo "2695"]
[WhiteElo "2407"]
[LiveChessVersion "1.4.8"]

1. d4 {[%clk 0:03:02]} Nf6 {[%clk 0:03:03]} 2. Nf3 {[%clk 0:03:03]} d5
{[%clk 0:03:03]} 3. Bf4 {[%clk 0:03:04]} c5 {[%clk 0:02:59]} 4. e3
{[%clk 0:03:05]} e6 {[%clk 0:02:51]} 5. Nbd2 {[%clk 0:03:02]} Qb6
{[%clk 0:02:50]} 6. Rb1 {[%clk 0:02:52]} cxd4 {[%clk 0:02:46]} 7. exd4
{[%clk 0:02:53]} Bd7 {[%clk 0:02:47]} 8. c3 {[%clk 0:02:50]} Bb5 {[%clk 0:02:40]}
9. Bxb8 {[%clk 0:02:22]} Bxf1 {[%clk 0:02:23]} 10. Rxf1 {[%clk 0:02:02]} Rxb8
{[%clk 0:02:23]} 11. Qa4+ {[%clk 0:02:03]} Nd7 {[%clk 0:02:09]} 12. Ne5
{[%clk 0:02:03]} Rd8 {[%clk 0:02:10]} 13. f4 {[%clk 0:01:38]} Bd6
{[%clk 0:02:09]} 14. Ndf3 {[%clk 0:01:16]} Qc7 {[%clk 0:02:00]} 15. Nxd7
{[%clk 0:01:01]} Qxd7 {[%clk 0:01:59]} 16. Qxd7+ {[%clk 0:01:00]} Kxd7
{[%clk 0:01:59]} 17. Ne5+ {[%clk 0:00:58]} Ke7 {[%clk 0:01:59]} 18. a4
{[%clk 0:00:59]} Rc8 {[%clk 0:01:56]} 19. Kd2 {[%clk 0:00:56]} h5
{[%clk 0:01:51]} 20. Rbe1 {[%clk 0:00:45]} g6 {[%clk 0:01:51]} 21. g3
{[%clk 0:00:41]} b6 {[%clk 0:01:46]} 22. Nd3 {[%clk 0:00:37]} Kf6
{[%clk 0:01:45]} 23. Ne5 {[%clk 0:00:35]} Kg7 {[%clk 0:01:41]} 24. h3
{[%clk 0:00:31]} a6 {[%clk 0:01:40]} 25. Ra1 {[%clk 0:00:25]} Rc7
{[%clk 0:01:37]} 26. Nd3 {[%clk 0:00:25]} Kf6 {[%clk 0:01:37]} 27. Rh1
{[%clk 0:00:22]} Rc4 {[%clk 0:01:33]} 28. Ne5 {[%clk 0:00:22]} Rc7
{[%clk 0:01:33]} 29. Nd3 {[%clk 0:00:23]} g5 {[%clk 0:01:27]} 30. Raf1
{[%clk 0:00:17]} gxf4 {[%clk 0:01:22]} 31. Nxf4 {[%clk 0:00:18]} Kg5
{[%clk 0:01:22]} 32. h4+ {[%clk 0:00:12]} Kh6 {[%clk 0:01:20]} 33. Rf3
{[%clk 0:00:05]} Rg8 {[%clk 0:01:18]} 34. Ne2 {[%clk 0:00:06]} b5
{[%clk 0:01:04]} 35. axb5 {[%clk 0:00:07]} axb5 {[%clk 0:01:05]} 36. Ra1
{[%clk 0:00:07]} b4 {[%clk 0:01:04]} 37. Ra6 {[%clk 0:00:08]} bxc3+
{[%clk 0:01:04]} 38. bxc3 {[%clk 0:00:09]} Rd7 {[%clk 0:01:02]} 39. Kd3
{[%clk 0:00:09]} Kg7 {[%clk 0:00:54]} 40. c4 {[%clk 0:00:09]} dxc4+
{[%clk 0:00:52]} 41. Kxc4 {[%clk 0:00:10]} Rb8 {[%clk 0:00:51]} 42. Rc6
{[%clk 0:00:07]} Rb1 {[%clk 0:00:49]} 43. Kd3 {[%clk 0:00:05]} Be5
{[%clk 0:00:46]} 44. Kc2 {[%clk 0:00:06]} Re1 {[%clk 0:00:45]} 45. Kd2
{[%clk 0:00:06]} Ra1 {[%clk 0:00:42]} 46. Rc4 {[%clk 0:00:04]} Bf6
{[%clk 0:00:32]} 47. Rd3 {[%clk 0:00:05]} Ra2+ {[%clk 0:00:32]} 48. Rc2
{[%clk 0:00:06]} Ra5 {[%clk 0:00:31]} 49. Ke3 {[%clk 0:00:06]} Be7
{[%clk 0:00:20]} 50. Rcd2 {[%clk 0:00:07]} Bd6 {[%clk 0:00:16]} 51. Kf3
{[%clk 0:00:07]} Rf5+ {[%clk 0:00:17]} 52. Nf4 {[%clk 0:00:07]} Bxf4
{[%clk 0:00:17]} 53. gxf4 {[%clk 0:00:08]} Kf6 {[%clk 0:00:18]} 54. Ke4
{[%clk 0:00:09]} Ra5 {[%clk 0:00:18]} 55. Rg2 {[%clk 0:00:09]} Rdd5
{[%clk 0:00:16]} 56. Rg5 {[%clk 0:00:11]} Rf5 {[%clk 0:00:17]} 57. Rdg3
{[%clk 0:00:10]} Ra1 {[%clk 0:00:17]} 58. Rxf5+ {[%clk 0:00:07]} exf5+
{[%clk 0:00:18]} 59. Kf3 {[%clk 0:00:07]} Ra4 {[%clk 0:00:17]} 60. Rg5
{[%clk 0:00:08]} Rxd4 {[%clk 0:00:17]} 61. Rxh5 {[%clk 0:00:09]} Rd3+
{[%clk 0:00:16]} 62. Kf2 {[%clk 0:00:10]} Rh3 {[%clk 0:00:17]} 63. Rh6+
{[%clk 0:00:10]} Kg7 {[%clk 0:00:18]} 64. Rh5 {[%clk 0:00:11]} Kg6
{[%clk 0:00:17]} 65. Rg5+ {[%clk 0:00:11]} Kf6 {[%clk 0:00:18]} 66. Rh5
{[%clk 0:00:12]} Kg6 {[%clk 0:00:19]} 67. Rg5+ {[%clk 0:00:13]} Kf6
{[%clk 0:00:20]} 68. Rh5 {[%clk 0:00:15]} Ke5 1/2-1/2

[Event "Russian Blitz Team Championship (m)"]
[Site "Sochi"]
[Date "2022.10.17"]
[Round "7.3"]
[White "Drygalov, Andrey"]
[Black "Khubukshanov, Erdem"]
[Result "1-0"]
[BlackElo "2377"]
[WhiteElo "2498"]
[LiveChessVersion "1.4.8"]

1. d4 {[%clk 0:03:03]} Nf6 {[%clk 0:03:03]} 2. c4 {[%clk 0:03:05]} e6
{[%clk 0:03:04]} 3. Nc3 {[%clk 0:03:06]} Bb4 {[%clk 0:03:05]} 4. e3
{[%clk 0:03:07]} O-O {[%clk 0:03:05]} 5. Bd3 {[%clk 0:03:09]} Re8
{[%clk 0:03:05]} 6. Nge2 {[%clk 0:03:08]} d5 {[%clk 0:03:06]} 7. a3
{[%clk 0:03:06]} Bf8 {[%clk 0:03:06]} 8. O-O {[%clk 0:03:06]} b6 {[%clk 0:02:52]}
9. e4 {[%clk 0:03:01]} dxc4 {[%clk 0:02:36]} 10. Bxc4 {[%clk 0:03:01]} Bb7
{[%clk 0:02:36]} 11. Ng3 {[%clk 0:03:00]} c5 {[%clk 0:02:33]} 12. d5
{[%clk 0:02:55]} exd5 {[%clk 0:02:33]} 13. exd5 {[%clk 0:02:56]} a6
{[%clk 0:02:28]} 14. Ba2 {[%clk 0:02:50]} b5 {[%clk 0:02:26]} 15. Bg5
{[%clk 0:02:35]} h6 {[%clk 0:02:16]} 16. Bxf6 {[%clk 0:02:14]} Qxf6
{[%clk 0:02:17]} 17. Nge4 {[%clk 0:02:14]} Qd4 {[%clk 0:01:56]} 18. Qg4
{[%clk 0:01:59]} Bc8 {[%clk 0:01:28]} 19. Qe2 {[%clk 0:01:24]} Nd7
{[%clk 0:01:05]} 20. Rad1 {[%clk 0:01:21]} Qe5 {[%clk 0:01:05]} 21. f4
{[%clk 0:01:18]} Qf5 {[%clk 0:01:02]} 22. g4 {[%clk 0:01:02]} Qg6
{[%clk 0:00:59]} 23. d6 {[%clk 0:00:52]} c4 {[%clk 0:00:52]} 24. f5
{[%clk 0:00:52]} Qh7 {[%clk 0:00:53]} 25. b3 {[%clk 0:00:42]} cxb3
{[%clk 0:00:33]} 26. Bxb3 {[%clk 0:00:43]} Nb6 {[%clk 0:00:18]} 27. Nf6+
{[%clk 0:00:34]} gxf6 {[%clk 0:00:19]} 28. Qxe8 {[%clk 0:00:35]} Bb7
{[%clk 0:00:20]} 29. Qe3 {[%clk 0:00:31]} Qg7 {[%clk 0:00:19]} 30. h3
{[%clk 0:00:28]} Nd7 {[%clk 0:00:20]} 31. Bd5 {[%clk 0:00:27]} Bxd6
{[%clk 0:00:19]} 32. Kh1 {[%clk 0:00:12]} Bc5 {[%clk 0:00:20]} 33. Qg3
{[%clk 0:00:12]} Ra7 {[%clk 0:00:10]} 34. Bxb7 {[%clk 0:00:11]} Rxb7
{[%clk 0:00:11]} 35. Ne4 {[%clk 0:00:12]} Bf8 {[%clk 0:00:10]} 36. Qf3
{[%clk 0:00:12]} Rc7 {[%clk 0:00:10]} 37. Rc1 {[%clk 0:00:14]} Ne5
{[%clk 0:00:11]} 38. Qg3 {[%clk 0:00:12]} Rb7 {[%clk 0:00:06]} 39. Rc8
{[%clk 0:00:13]} h5 {[%clk 0:00:06]} 40. Qh4 {[%clk 0:00:12]} Nd7
{[%clk 0:00:06]} 41. Rd1 {[%clk 0:00:08]} Nb6 {[%clk 0:00:03]} 42. Nxf6+
{[%clk 0:00:08]} Qxf6 {[%clk 0:00:04]} 43. Qxf6 {[%clk 0:00:09]} Nxc8
{[%clk 0:00:05]} 44. Qg5+ {[%clk 0:00:10]} Kh7 {[%clk 0:00:06]} 45. Qxh5+
{[%clk 0:00:11]} Kg8 {[%clk 0:00:08]} 46. Qg5+ {[%clk 0:00:12]} Kh7
{[%clk 0:00:09]} 47. Rd8 {[%clk 0:00:12]} Bh6 {[%clk 0:00:09]} 48. Qf6
{[%clk 0:00:10]} Bg7 {[%clk 0:00:08]} 49. Qh4+ {[%clk 0:00:11]} Bh6
{[%clk 0:00:09]} 50. g5 {[%clk 0:00:11]} Rb6 {[%clk 0:00:10]} 51. Rxc8
{[%clk 0:00:11]} 1-0

[Event "Russian Blitz Team Championship (m)"]
[Site "Sochi"]
[Date "2022.10.17"]
[Round "7.4"]
[White "Bocharov, Dmitry"]
[Black "Zablotsky, Sergei"]
[Result "1/2-1/2"]
[BlackElo "2439"]
[WhiteElo "2484"]
[LiveChessVersion "1.4.8"]

1. d4 {[%clk 0:03:02]} Nf6 {[%clk 0:03:03]} 2. c4 {[%clk 0:03:03]} e6
{[%clk 0:03:04]} 3. Nc3 {[%clk 0:03:03]} Bb4 {[%clk 0:03:05]} 4. e3
{[%clk 0:03:04]} O-O {[%clk 0:03:05]} 5. Bd2 {[%clk 0:03:04]} c5 {[%clk 0:03:06]}
6. a3 {[%clk 0:02:55]} Bxc3 {[%clk 0:03:07]} 7. Bxc3 {[%clk 0:02:56]} Ne4
{[%clk 0:03:08]} 8. Rc1 {[%clk 0:02:54]} d6 {[%clk 0:03:05]} 9. Nf3
{[%clk 0:02:54]} b6 {[%clk 0:03:04]} 10. Be2 {[%clk 0:02:53]} Bb7
{[%clk 0:03:04]} 11. O-O {[%clk 0:02:53]} Qe7 {[%clk 0:02:58]} 12. Be1
{[%clk 0:02:51]} Nd7 {[%clk 0:02:56]} 13. Nd2 {[%clk 0:02:51]} Nxd2
{[%clk 0:02:32]} 14. Qxd2 {[%clk 0:02:48]} Rfd8 {[%clk 0:02:30]} 15. f3
{[%clk 0:02:42]} Rac8 {[%clk 0:02:31]} 16. Bg3 {[%clk 0:02:40]} d5
{[%clk 0:02:26]} 17. cxd5 {[%clk 0:02:11]} exd5 {[%clk 0:02:27]} 18. Rfe1
{[%clk 0:02:10]} Re8 {[%clk 0:02:06]} 19. Bf1 {[%clk 0:02:08]} Nf8
{[%clk 0:02:06]} 20. b4 {[%clk 0:01:41]} Ne6 {[%clk 0:02:03]} 21. dxc5
{[%clk 0:01:22]} bxc5 {[%clk 0:02:04]} 22. bxc5 {[%clk 0:01:22]} Rxc5
{[%clk 0:02:05]} 23. Rxc5 {[%clk 0:01:17]} Nxc5 {[%clk 0:01:41]} 24. Qb4
{[%clk 0:01:10]} Ba6 {[%clk 0:01:22]} 25. Bxa6 {[%clk 0:01:01]} Nxa6
{[%clk 0:01:23]} 26. Qxe7 {[%clk 0:01:02]} Rxe7 {[%clk 0:01:24]} 27. Rc1
{[%clk 0:01:03]} h6 {[%clk 0:01:10]} 28. Rc6 {[%clk 0:00:54]} Re6
{[%clk 0:01:11]} 29. Rxe6 {[%clk 0:00:55]} fxe6 {[%clk 0:01:11]} 30. Bd6
{[%clk 0:00:55]} Kf7 {[%clk 0:01:02]} 31. g4 {[%clk 0:00:55]} g6 {[%clk 0:01:01]}
32. Kf2 {[%clk 0:00:56]} Ke8 {[%clk 0:00:55]} 33. Be5 {[%clk 0:00:40]} Kd7
{[%clk 0:00:29]} 34. Bd4 {[%clk 0:00:36]} Nc7 {[%clk 0:00:25]} 35. Bxa7
{[%clk 0:00:36]} Nb5 {[%clk 0:00:21]} 36. Bc5 {[%clk 0:00:36]} Kc6
{[%clk 0:00:20]} 37. Bf8 {[%clk 0:00:35]} h5 {[%clk 0:00:21]} 38. gxh5
{[%clk 0:00:34]} gxh5 {[%clk 0:00:23]} 39. Kg3 {[%clk 0:00:34]} e5
{[%clk 0:00:19]} 40. f4 {[%clk 0:00:23]} d4 {[%clk 0:00:13]} 41. fxe5
{[%clk 0:00:19]} dxe3 {[%clk 0:00:09]} 42. Kf3 {[%clk 0:00:20]} Kd5
{[%clk 0:00:07]} 43. Kxe3 {[%clk 0:00:17]} Kxe5 {[%clk 0:00:06]} 44. a4
{[%clk 0:00:17]} Nc7 {[%clk 0:00:06]} 45. Kf3 {[%clk 0:00:13]} Ne6
{[%clk 0:00:07]} 46. Bb4 {[%clk 0:00:12]} Ng5+ {[%clk 0:00:06]} 47. Kg3
{[%clk 0:00:09]} Kd5 {[%clk 0:00:07]} 48. h3 {[%clk 0:00:07]} Nxh3
{[%clk 0:00:06]} 49. Kxh3 {[%clk 0:00:06]} Ke5 1/2-1/2

[Event "Russian Blitz Team Championship (m)"]
[Site "Sochi"]
[Date "2022.10.17"]
[Round "7.5"]
[White "Artemiev, Vladislav"]
[Black "Afanasiev, Nikita"]
[Result "1/2-1/2"]
[BlackElo "2541"]
[WhiteElo "2832"]
[LiveChessVersion "1.4.8"]

1. Nf3 {[%clk 0:03:02]} Nf6 {[%clk 0:03:03]} 2. g3 {[%clk 0:03:02]} d5
{[%clk 0:03:03]} 3. Bg2 {[%clk 0:03:03]} Nc6 {[%clk 0:03:04]} 4. d4
{[%clk 0:03:01]} Bf5 {[%clk 0:03:05]} 5. O-O {[%clk 0:02:51]} e6 {[%clk 0:03:01]}
6. c4 {[%clk 0:02:51]} h6 {[%clk 0:02:56]} 7. Nc3 {[%clk 0:02:03]} Be7
{[%clk 0:02:47]} 8. cxd5 {[%clk 0:01:25]} exd5 {[%clk 0:02:48]} 9. Bf4
{[%clk 0:01:25]} O-O {[%clk 0:02:48]} 10. Rc1 {[%clk 0:01:26]} Bd6
{[%clk 0:02:37]} 11. Ne5 {[%clk 0:01:13]} Ne7 {[%clk 0:02:37]} 12. Nb5
{[%clk 0:01:15]} a6 {[%clk 0:02:33]} 13. Nxd6 {[%clk 0:01:14]} cxd6
{[%clk 0:02:33]} 14. Nd3 {[%clk 0:01:13]} Qb6 {[%clk 0:02:32]} 15. Qb3
{[%clk 0:00:49]} Qxb3 {[%clk 0:02:33]} 16. axb3 {[%clk 0:00:49]} Bxd3
{[%clk 0:02:34]} 17. Bxd6 {[%clk 0:00:45]} Bxe2 {[%clk 0:02:26]} 18. Rfe1
{[%clk 0:00:45]} Rfe8 {[%clk 0:02:19]} 19. Rxe2 {[%clk 0:00:44]} Nc6
{[%clk 0:02:18]} 20. Be5 {[%clk 0:00:24]} Nxd4 {[%clk 0:02:09]} 21. Re3
{[%clk 0:00:11]} Nf5 {[%clk 0:02:02]} 22. Ree1 {[%clk 0:00:11]} Ne4
{[%clk 0:02:03]} 23. Bf4 {[%clk 0:00:08]} g5 {[%clk 0:01:47]} 24. Bc7
{[%clk 0:00:08]} Nd4 {[%clk 0:01:41]} 25. Rcd1 {[%clk 0:00:07]} Nc2
{[%clk 0:01:32]} 26. Re2 {[%clk 0:00:06]} Nb4 {[%clk 0:01:33]} 27. Ba5
{[%clk 0:00:03]} Nc6 {[%clk 0:01:34]} 28. Bb6 {[%clk 0:00:04]} Nf6
{[%clk 0:01:31]} 29. Rxe8+ {[%clk 0:00:04]} Rxe8 {[%clk 0:01:32]} 30. Bxd5
{[%clk 0:00:06]} Nxd5 {[%clk 0:01:30]} 31. Rxd5 {[%clk 0:00:07]} Re2
{[%clk 0:01:30]} 32. Bc5 {[%clk 0:00:03]} Rxb2 {[%clk 0:01:26]} 33. Rd3
{[%clk 0:00:04]} a5 {[%clk 0:01:16]} 34. Kg2 {[%clk 0:00:04]} Kg7
{[%clk 0:01:14]} 35. h3 {[%clk 0:00:03]} Kg6 {[%clk 0:01:11]} 36. Rd6+
{[%clk 0:00:04]} f6 {[%clk 0:01:12]} 37. Rd3 {[%clk 0:00:05]} h5 {[%clk 0:01:12]}
38. Bd6 {[%clk 0:00:04]} Nb4 {[%clk 0:01:10]} 39. Bxb4 {[%clk 0:00:05]} axb4
{[%clk 0:01:11]} 40. g4 {[%clk 0:00:05]} hxg4 {[%clk 0:01:11]} 41. hxg4
{[%clk 0:00:06]} Kf7 {[%clk 0:01:12]} 42. Re3 {[%clk 0:00:06]} Rc2
{[%clk 0:01:11]} 43. Re4 {[%clk 0:00:07]} Rc5 {[%clk 0:01:10]} 1/2-1/2